[Event "Sotra Langsjakk for ungdom "]
[Site "Liljevatnet skule"]
[Date "2018.08.31"]
[Round "1"]
[White "Jonsterhaug, Andreas"]
[Black "Hina, Ariza"]
[Result "0-1"]
[WhiteElo "1371"]
[BlackElo "1596"]
[PlyCount "84"]
[EventDate "2018.??.??"]

1. e4 e5 2. Nf3 Nc6 3. Bb5 a6 4. Ba4 b5 5. Bb3 Nf6 6. O-O Bc5 7. d3 d6 8. h3
O-O 9. Bg5 Na5 10. Bd5 c6 11. Bb3 Nxb3 12. axb3 Kh8 13. Nc3 h6 14. Bh4 Rg8 15.
Qd2 Kh7 16. Rfe1 g5 17. Bg3 Nh5 18. Kf1 Nxg3+ 19. fxg3 g4 20. hxg4 Bxg4 21. Ke2
Bxf3+ 22. gxf3 Rxg3 23. Kd1 Rxf3 24. Ne2 Qh4 25. c3 Bf2 26. Rf1 Be3 27. Qe1
Qxe1+ 28. Kxe1 Rxf1+ 29. Kxf1 a5 30. Kg2 Rg8+ 31. Kf3 Bb6 32. Ng3 d5 33. exd5
cxd5 34. Rh1 Rg6 35. Rh5 Rg5 36. Rh4 Kg6 37. Rg4 f5 38. Rh4 h5 39. c4 Rg4 40.
Rh1 e4+ 41. dxe4 dxe4+ 42. Kg2 h4 0-1

[Event "Sotra Langsjakk for ungdom "]
[Site "Liljevatnet skule"]
[Date "2018.08.31"]
[Round "1"]
[White "Sekkingstad, Thomas"]
[Black "NÃ¦ss, Shjalg Ole"]
[Result "0-1"]
[WhiteElo "1616"]
[BlackElo "1561"]
[PlyCount "44"]
[EventDate "2018.??.??"]

1. d4 Nf6 2. c4 d5 3. Nf3 e6 4. Bg5 Be7 5. e3 Ne4 6. Bxe7 Qxe7 7. Nc3 Nxc3 8.
bxc3 dxc4 9. Bxc4 O-O 10. O-O c5 11. Ne5 cxd4 12. cxd4 Nd7 13. f4 Rd8 14. Qb3
Nb6 15. Rac1 Bd7 16. Be2 Ba4 17. Qd3 Rac8 18. Rxc8 Rxc8 19. Bd1 Bxd1 20. Rxd1
Nd5 21. Qd2 Qa3 22. Kf2 Nc3 0-1

[Event "Sotra Langsjakk for ungdom "]
[Site "Liljevatnet skule"]
[Date "2018.08.31"]
[Round "1"]
[White "HÃ¸yforsslett, Gard Rye"]
[Black "Schick, Matheo"]
[Result "1-0"]
[WhiteElo "1446"]
[BlackElo "1324"]
[PlyCount "69"]
[EventDate "2018.??.??"]

1. e4 c5 2. Nf3 Nc6 3. d4 cxd4 4. Nxd4 g6 5. Nc3 Bg7 6. Be3 Nf6 7. Qd2 O-O 8.
f3 d5 9. exd5 Nxd5 10. Nxd5 Qxd5 11. Nxc6 bxc6 12. Qxd5 cxd5 13. O-O-O Be6 14.
Bd4 Bh6+ 15. Kb1 Rfc8 16. Ba6 Rc7 17. Be5 Rd7 18. g4 Bg7 19. Bxg7 Kxg7 20. h4
Rb8 21. h5 Rd6 22. Bd3 Rdb6 23. b3 a5 24. a4 Bd7 25. Kc1 e6 26. g5 Rc8 27. hxg6
hxg6 28. Rh6 Rxb3 29. Rdh1 Rbb8 30. Rh7+ Kf8 31. Bxg6 fxg6 32. Rxd7 Kg8 33. Rh6
Rc4 34. Rdh7 Rbc8 35. Rh8+ 1-0

[Event "Sotra Langsjakk for ungdom "]
[Site "Liljevatnet skule"]
[Date "2018.09.01"]
[Round "2"]
[White "Jonsterhaug, Andreas"]
[Black "Sekkingstad, Thomas"]
[Result "0-1"]
[WhiteElo "1371"]
[BlackElo "1616"]
[PlyCount "100"]
[EventDate "2018.??.??"]

1. e4 c6 2. d4 d5 3. exd5 cxd5 4. Nf3 Nf6 5. Nc3 Bg4 6. h3 Bh5 7. Be2 Nc6 8.
Be3 e6 9. a3 a6 10. O-O Bd6 11. Ng5 Bxe2 12. Nxe2 h6 13. Nf3 O-O 14. Qd3 b5 15.
b3 Rc8 16. Rfc1 Qb6 17. c4 bxc4 18. bxc4 dxc4 19. Rxc4 Nd5 20. Rac1 Nce7 21.
Rxc8 Rxc8 22. Rxc8+ Nxc8 23. Qc2 Nce7 24. a4 Qc7 25. Qxc7 Bxc7 26. Bd2 Nb6 27.
Nc3 Ned5 28. Nxd5 Nxd5 29. Ne5 Nb6 30. Ba5 Bxe5 31. Bxb6 Bd6 32. Kf1 Kf8 33.
Ke2 Ke7 34. Bc5 Bxc5 35. dxc5 Kd7 36. Kd3 Kc6 37. Kc4 a5 38. h4 e5 39. h5 g6
40. g4 gxh5 41. gxh5 f5 42. f3 f4 43. Kd3 Kxc5 44. Ke4 Kd6 45. Kf5 Kd5 46. Kg6
e4 47. fxe4+ Kxe4 48. Kxh6 f3 49. Kg6 f2 50. h6 f1=Q 0-1

[Event "Sotra Langsjakk for ungdom "]
[Site "Liljevatnet skule"]
[Date "2018.09.01"]
[Round "2"]
[White "NÃ¦ss, Shjalg Ole"]
[Black "HÃ¸yforsslett, Gard Rye"]
[Result "1/2-1/2"]
[WhiteElo "1561"]
[BlackElo "1446"]
[PlyCount "78"]
[EventDate "2018.??.??"]

1. e4 c5 2. c3 Nc6 3. d4 cxd4 4. cxd4 d5 5. e5 e6 6. Nf3 Bd7 7. Be2 Rc8 8. O-O
Bb4 9. Bd2 Nge7 10. Qb3 Qb6 11. a3 Ba5 12. Qxb6 Bxb6 13. Bc3 O-O 14. Nbd2 Nf5
15. Nb3 a5 16. Bd3 a4 17. Bxf5 exf5 18. Nc1 f6 19. exf6 Rxf6 20. Nd3 Re6 21.
Nde5 Nxe5 22. Nxe5 Bb5 23. Rfe1 Rce8 24. Nf3 Bc4 25. Rxe6 Rxe6 26. Ne5 Bb5 27.
Re1 Bc7 28. f4 Bxe5 29. Rxe5 Rxe5 30. dxe5 Kf7 31. Kf2 h6 32. h4 h5 33. Ke3 b6
34. Bd4 Bc4 35. Bxb6 Bb3 36. Kd4 Ke6 37. Kc5 Kd7 38. Ba7 Bc4 39. Bb8 g6 1/2-1/2

[Event "Sotra Langsjakk for ungdom "]
[Site "Liljevatnet skule"]
[Date "2018.09.01"]
[Round "2"]
[White "Hina, Ariza"]
[Black "Schick, Matheo"]
[Result "1/2-1/2"]
[WhiteElo "1596"]
[BlackElo "1324"]
[PlyCount "61"]
[EventDate "2018.??.??"]

1. e4 c5 2. Nc3 Nc6 3. f4 g6 4. Nf3 Bg7 5. Bb5 Nd4 6. Bc4 e6 7. d3 Ne7 8. O-O
O-O 9. Kh1 d5 10. Bb3 b6 11. Qe1 Bb7 12. g4 a6 13. h4 Rc8 14. Nxd4 cxd4 15. Nd1
dxe4 16. dxe4 d3 17. cxd3 Qxd3 18. Nf2 Qf3+ 19. Kh2 Bd4 20. Bd1 Bxf2 21. Bxf3
Bxe1 22. Rxe1 Rc2+ 23. Kg3 Rd8 24. b3 Rd3 25. Be3 Rcc3 26. Kf2 b5 27. Rac1 f5
28. Rxc3 Rxc3 29. exf5 Bxf3 30. Kxf3 exf5 31. g5 1/2-1/2

[Event "Sotra Langsjakk for ungdom "]
[Site "Liljevatnet skule"]
[Date "2018.09.01"]
[Round "3"]
[White "HÃ¸yforsslett, Gard Rye"]
[Black "Jonsterhaug, Andreas"]
[Result "1/2-1/2"]
[WhiteElo "1446"]
[BlackElo "1371"]
[PlyCount "78"]
[EventDate "2018.??.??"]

1. e4 e5 2. Nf3 Nc6 3. Bc4 Bc5 4. c3 d6 5. d3 Nf6 6. Be3 Bb6 7. Nbd2 O-O 8. O-O
Be6 9. Bb3 Qd7 10. d4 Bxb3 11. Qxb3 Ng4 12. Nc4 exd4 13. Nxb6 axb6 14. Bxd4
Nxd4 15. Nxd4 Rfe8 16. f3 Nf6 17. Qc2 d5 18. exd5 Qxd5 19. a3 Re5 20. Rfe1 Rae8
21. Rxe5 Qxe5 22. Qf2 Qe3 23. Qxe3 Rxe3 24. Kf2 Re5 25. Rd1 Rd5 26. Re1 Kf8 27.
g4 c5 28. Nb5 Rd2+ 29. Re2 Rxe2+ 30. Kxe2 Ke7 31. c4 Kd7 32. h4 Ne8 33. Ke3 Nd6
34. Nxd6 Kxd6 35. f4 Kc6 36. a4 Kd6 37. Ke4 Ke6 38. h5 f6 39. f5+ Kd6 1/2-1/2

[Event "Sotra Langsjakk for ungdom "]
[Site "Liljevatnet skule"]
[Date "2018.09.01"]
[Round "3"]
[White "Sekkingstad, Thomas"]
[Black "Hina, Ariza"]
[Result "1/2-1/2"]
[WhiteElo "1616"]
[BlackElo "1596"]
[PlyCount "52"]
[EventDate "2018.??.??"]

1. d4 d5 2. c4 c6 3. Nc3 Nf6 4. Nf3 Nbd7 5. Bf4 e6 6. e3 Be7 7. Bd3 O-O 8. O-O
dxc4 9. Bxc4 b5 10. Bd3 a6 11. a3 c5 12. Rc1 Bb7 13. dxc5 Nxc5 14. Be2 Qxd1 15.
Bxd1 Nd3 16. Rb1 Nxf4 17. exf4 Rfd8 18. Ne5 Bd6 19. g3 Rab8 20. Be2 Ne4 21.
Nxe4 Bxe4 22. Bd3 Bxe5 23. Bxe4 Bf6 24. b3 a5 25. a4 bxa4 26. bxa4 g6 1/2-1/2

[Event "Sotra Langsjakk for ungdom "]
[Site "Liljevatnet skule"]
[Date "2018.09.01"]
[Round "3"]
[White "Schick, Matheo"]
[Black "NÃ¦ss, Shjalg Ole"]
[Result "1-0"]
[WhiteElo "1324"]
[BlackElo "1561"]
[PlyCount "45"]
[EventDate "2018.??.??"]

1. e4 c5 2. Nf3 Nc6 3. d4 cxd4 4. Nxd4 e6 5. Nc3 Nf6 6. Bg5 Be7 7. Bd3 Nxd4 8.
O-O h6 9. Bh4 Nc6 10. f4 d5 11. e5 Nd7 12. Bxe7 Qxe7 13. Nb5 O-O 14. Rf3 Qc5+
15. Kh1 Nd4 16. Nxd4 Kh8 17. Nb3 Qc7 18. Rh3 Nc5 19. Nxc5 Qxc5 20. Qg4 f6 21.
Qg6 Kg8 22. Rg3 Qc7 23. Qh7+ 1-0

[Event "Sotra Langsjakk for ungdom "]
[Site "Liljevatnet skule"]
[Date "2018.09.02"]
[Round "4"]
[White "Jonsterhaug, Andreas"]
[Black "Schick, Matheo"]
[Result "0-1"]
[WhiteElo "1371"]
[BlackElo "1324"]
[PlyCount "84"]
[EventDate "2018.??.??"]

1. e4 c5 2. Nf3 Nc6 3. d4 cxd4 4. Nxd4 g6 5. c3 Bg7 6. Be3 Nf6 7. Bd3 O-O 8.
O-O d5 9. Nd2 e5 10. Nxc6 bxc6 11. Bg5 Qc7 12. exd5 cxd5 13. c4 e4 14. Be2 Qe5
15. Bxf6 Bxf6 16. cxd5 Qxd5 17. Bc4 Qd4 18. Qc2 Bb7 19. Rfe1 Rac8 20. b3 Rfe8
21. Rad1 e3 22. fxe3 Rxe3 23. Rxe3 Qxe3+ 24. Kh1 Qf2 25. Rg1 Bg5 26. Qd3 Qxd2
27. Qxd2 Bxd2 28. Rd1 Bf4 29. Rd7 Rc7 30. Bxf7+ Kf8 31. Rxc7 Bxc7 32. Bc4 Ke7
33. Kg1 Kd6 34. h3 Kc5 35. a3 Bd5 36. Bxd5 Kxd5 37. Kf2 Kd4 38. Kf3 Kc3 39. Kg4
h6 40. h4 Bd8 41. h5 gxh5+ 42. Kxh5 Bg5 0-1

[Event "Sotra Langsjakk for ungdom "]
[Site "Liljevatnet skule"]
[Date "2018.09.02"]
[Round "4"]
[White "Sekkingstad, Thomas"]
[Black "HÃ¸yforsslett, Gard Rye"]
[Result "1-0"]
[WhiteElo "1616"]
[BlackElo "1446"]
[PlyCount "85"]
[EventDate "2018.??.??"]

1. d4 f5 2. Nf3 Nf6 3. c4 e6 4. Nc3 d5 5. Bf4 Bd6 6. Bxd6 Qxd6 7. c5 Qe7 8. e3
O-O 9. Bd3 c6 10. b4 Ne4 11. Qc2 Nd7 12. a4 a6 13. O-O Ndf6 14. b5 axb5 15.
axb5 Bd7 16. Ne5 Ng5 17. bxc6 bxc6 18. Na4 Nf7 19. f4 Nxe5 20. fxe5 Ne4 21. Nb6
Rxa1 22. Rxa1 Rd8 23. Bxe4 fxe4 24. Ra7 Kf8 25. Qa4 Qe8 26. Nxd7+ Rxd7 27. Ra8
Rd8 28. Rxd8 Qxd8 29. Qxc6 Qh4 30. Qa8+ Kf7 31. Qa1 g5 32. c6 Qh6 33. Qa7+ Kg6
34. Qe7 Qh4 35. Qxe6+ Kh5 36. Qh3 g4 37. Qxh4+ Kg6 38. Qxg4+ Kh6 39. Qxe4 Kg5
40. Qf4+ Kg6 41. c7 Kh5 42. c8=Q h6 43. Qcg4# 1-0

[Event "Sotra Langsjakk for ungdom "]
[Site "Liljevatnet skule"]
[Date "2018.09.02"]
[Round "4"]
[White "Hina, Ariza"]
[Black "NÃ¦ss, Shjalg Ole"]
[Result "1/2-1/2"]
[WhiteElo "1596"]
[BlackElo "1561"]
[PlyCount "87"]
[EventDate "2018.??.??"]

1. e4 c5 2. Nc3 e6 3. f4 d5 4. Bb5+ Nc6 5. Bxc6+ bxc6 6. d3 Nf6 7. Nf3 Qb6 8.
O-O Be7 9. Qe1 O-O 10. Qg3 Ba6 11. Re1 Rfd8 12. f5 c4+ 13. d4 c5 14. Na4 Qb5
15. Nxc5 Bxc5 16. dxc5 Qxc5+ 17. Be3 d4 18. Nxd4 Qb4 19. Nc6 Qxb2 20. Nxd8 Rxd8
21. Bg5 Nxe4 22. Rxe4 Qxa1+ 23. Re1 Qd4+ 24. Be3 Qd7 25. fxe6 fxe6 26. Bf2 Bb7
27. Qe3 Bd5 28. a3 a6 29. Qc3 Qc6 30. Qg3 Qb7 31. c3 Qb3 32. Bd4 Rd7 33. Rf1
Qb7 34. Qf4 Rf7 35. Qxf7+ Qxf7 36. Rxf7 Kxf7 37. Kf2 g5 38. g4 Kg6 39. h3 Be4
40. Kg3 Bc2 41. Be5 Bd1 42. Bd4 h5 43. Be5 hxg4 44. hxg4 1/2-1/2

[Event "Sotra Langsjakk for ungdom "]
[Site "Liljevatnet skule"]
[Date "2018.09.02"]
[Round "5"]
[White "NÃ¦ss, Shjalg Ole"]
[Black "Jonsterhaug, Andreas"]
[Result "1/2-1/2"]
[WhiteElo "1561"]
[BlackElo "1371"]
[PlyCount "103"]
[EventDate "2018.??.??"]

1. e4 e5 2. Nf3 Nc6 3. Bc4 Bc5 4. c3 d6 5. d4 exd4 6. cxd4 Bb4+ 7. Bd2 Bxd2+ 8.
Nbxd2 Nf6 9. O-O O-O 10. Re1 Bg4 11. Qc2 Re8 12. Bb5 Bd7 13. Bxc6 Bxc6 14. Rac1
Rc8 15. d5 Bb5 16. Nd4 Qd7 17. Qb3 Ba6 18. f3 c6 19. dxc6 bxc6 20. Qa4 Bb5 21.
Nxb5 cxb5 22. Qb4 Rc6 23. Rc3 Rxc3 24. Qxc3 Rc8 25. Qb4 Qc6 26. Nb3 Qb6+ 27.
Qd4 Qxd4+ 28. Nxd4 a6 29. Rd1 Kf8 30. Rd2 g6 31. Kf2 Ke7 32. Ne2 Rc5 33. Nf4
Kd7 34. Nd3 Rc7 35. Nb4 a5 36. Nd3 Ke7 37. Ke3 Ke6 38. Ne1 Nd7 39. Rc2 Rxc2 40.
Nxc2 d5 41. Nd4+ Ke5 42. Nc6+ Kd6 43. exd5 Kxd5 44. Nxa5 Nc5 45. b4 Ne6 46. g3
Nd4 47. Nb7 Nc2+ 48. Kf4 Nxb4 49. Kg5 Ke6 50. a4 bxa4 51. Nc5+ Ke7 52. Nxa4
1/2-1/2

[Event "Sotra Langsjakk for ungdom "]
[Site "Liljevatnet skule"]
[Date "2018.09.02"]
[Round "5"]
[White "Schick, Matheo"]
[Black "Sekkingstad, Thomas"]
[Result "1-0"]
[WhiteElo "1324"]
[BlackElo "1616"]
[PlyCount "69"]
[EventDate "2018.??.??"]

1. e4 c6 2. d4 d5 3. exd5 cxd5 4. Bd3 Nf6 5. c3 Nc6 6. h3 e6 7. Bg5 Bd6 8. Nf3
Qb6 9. Qc2 Bd7 10. Nbd2 Rc8 11. a3 h6 12. Be3 Na5 13. O-O O-O 14. a4 a6 15. Ne5
Nc6 16. Ndf3 Nb4 17. Qb3 a5 18. cxb4 Bxb4 19. Rac1 Qd6 20. Nxd7 Nxd7 21. Bb5
Nf6 22. Rxc8 Rxc8 23. Rc1 Rxc1+ 24. Bxc1 Qc7 25. Be3 Ne4 26. Bd3 Nd6 27. Bf4
Qc6 28. Qc2 Qb6 29. Bxd6 Bxd6 30. Qc8+ Bf8 31. Ne5 Qxb2 32. Nd7 Qa1+ 33. Kh2
Qa3 34. Nxf8 Qxf8 35. Bh7+ 1-0

[Event "Sotra Langsjakk for ungdom "]
[Site "Liljevatnet skule"]
[Date "2018.09.02"]
[Round "5"]
[White "HÃ¸yforsslett, Gard Rye"]
[Black "Hina, Ariza"]
[Result "0-1"]
[WhiteElo "1446"]
[BlackElo "1596"]
[PlyCount "58"]
[EventDate "2018.??.??"]

1. e4 e5 2. Nf3 Nc6 3. Bc4 Nf6 4. d3 Bc5 5. O-O d6 6. h3 Na5 7. Bb3 Nxb3 8.
axb3 O-O 9. Bg5 Kh8 10. Nc3 h6 11. Bh4 Rg8 12. Qd2 Kh7 13. Nd5 g5 14. Nxg5+
hxg5 15. Bxg5 Rg6 16. Nxf6+ Rxf6 17. Bxf6 Qxf6 18. Kh1 Qh4 19. Kh2 Bd7 20. f4
Rg8 21. Rf3 f6 22. fxe5 dxe5 23. Qa5 Bg4 24. Qxc7+ Rg7 25. Qxc5 Bxf3 26. g4
Rxg4 27. Rg1 Rxg1 28. Kxg1 Qg3+ 29. Kf1 Qg2+ 0-1